000 00411nam a2200145Ia 4500
008 220217s9999||||xx |||||||||||||| ||und||
020 _a9788126513369
082 _a620.001 COO
100 _aCook, Robert D and Others
245 0 _aConcepts and applications of finite elements analysis
250 _a4th
260 _aWiley india
_bNew Delhi
_c2012
300 _axvi,717p
_b539
650 _aMECHANICHAL
999 _c184397
_d184397